000 00952cam a2200277Mu 4500
005 20151006125353.0
008 151006s2015 gw fr 000 0 ger d
020 _a9783465042341
035 _a(OCoLC)908610402
040 _aCO-BoUCM
_bspa
_cSandra Palacio
_dSandra Palacio
041 0 _ager
100 1 _aMannheim, Karl
_d1893 - 1947
_972065
245 1 0 _aIdeologie und Utopie
_cKarl Mannheim, introducción por Jürgen Kaube
250 _a9a ed
260 _aHamburgo (Alemania)
_bKlostermann
_c2015
300 _axvi, 302 páginas
490 1 _aKlostermann RoteReihe
_v75
_x1865-7095
504 _aIncluye referencias bibliográficas
650 7 _aIdeologías políticas
_952239
650 7 _aSociología del conocimiento
_924791
650 7 _aSociología
_924766
690 _942754
_aCiencia política
690 _942914
_aSociología
942 _2DEWEY
_a6
_cLIBRO
_e9
_h324.943
_mM282i
999 _c300959
_d300959